Sports Quiz

Random Sports or MLB Quiz

MLB 40 HR Seasons Quiz Stats

Quiz Updated Oct 1, 2017

Challenge
Share
Tweet
Embed
Score 0/290 Timer 20:00
10 Plays Today
Team/Year Player % Correct
49Barry Bonds
96.9%
46Barry Bonds
96.9%
46Barry Bonds
96.9%
45Barry Bonds
96.9%
45Barry Bonds
96.9%
42Barry Bonds
96.9%
40Barry Bonds
96.9%
49Babe Ruth
96%
47Babe Ruth
96%
46Babe Ruth
95.9%
46Babe Ruth
95.9%
46Babe Ruth
95.9%
41Babe Ruth
95.9%
41Babe Ruth
95.9%
48Alex Rodriguez
93.3%
47Alex Rodriguez
93.3%
42Alex Rodriguez
93.3%
42Alex Rodriguez
93.3%
41Alex Rodriguez
93.3%
49Ken Griffey
92.5%
48Ken Griffey
92.5%
45Ken Griffey
92.5%
40Ken Griffey
92.5%
40Ken Griffey
92.5%
49Sammy Sosa
92.4%
40Sammy Sosa
92.4%
40Sammy Sosa
92.4%
49Albert Pujols
91.3%
47Albert Pujols
91.3%
46Albert Pujols
91.3%
43Albert Pujols
91.3%
42Albert Pujols
91.3%
41Albert Pujols
91.3%
49Mark McGwire
91.2%
42Mark McGwire
91.2%
47Hank Aaron
90.7%
45Hank Aaron
90.7%
44Hank Aaron
90.7%
44Hank Aaron
90.7%
44Hank Aaron
90.7%
44Hank Aaron
90.7%
40Hank Aaron
90.7%
40Hank Aaron
90.7%
48Ryan Howard
90.3%
47Ryan Howard
90.3%
45Ryan Howard
90.3%
43Frank Thomas
90%
42Frank Thomas
90%
41Frank Thomas
90%
40Frank Thomas
90%
40Frank Thomas
90%
48Frank Howard
89.9%
44Frank Howard
89.9%
44Frank Howard
89.9%
45Gorman Thomas
89.5%
47David Ortiz
88.7%
41David Ortiz
88.7%
45Manny Ramirez
87.9%
45Manny Ramirez
87.9%
44Manny Ramirez
87.9%
43Manny Ramirez
87.9%
41Manny Ramirez
87.9%
49Willie Mays
87.8%
47Willie Mays
87.8%
41Willie Mays
87.8%
40Willie Mays
87.8%
45Chipper Jones
87.7%
41Andruw Jones
87.5%
49Lou Gehrig
87.3%
49Lou Gehrig
87.3%
47Lou Gehrig
87.3%
46Lou Gehrig
87.3%
41Lou Gehrig
87.3%
47Jeff Bagwell
87%
43Jeff Bagwell
87%
42Jeff Bagwell
87%
46Prince Fielder
85.9%
40Albert Pujols
85.9%
44Cecil Fielder
85.7%
49Jim Thome
85.5%
47Jim Thome
85.5%
42Jim Thome
85.5%
42Jim Thome
85.5%
40Jim Thome
85.5%
43Ted Williams
85.1%
47Juan Gonzalez
85%
46Juan Gonzalez
85%
45Juan Gonzalez
85%
43Juan Gonzalez
85%
42Juan Gonzalez
85%
40Adrian Gonzalez
84.9%
43Matt Williams
84.8%
42Billy Williams
84.8%
41Cy Williams
84.7%
42Mickey Mantle
84.4%
40Mickey Mantle
84.4%
49Todd Helton
84.2%
Team/Year Player % Correct
42Todd Helton
84.2%
44Miguel Cabrera
83.5%
44Miguel Cabrera
83.5%
49Frank Robinson
82.2%
48Mike Schmidt
81.6%
45Mike Schmidt
81.6%
40Mike Schmidt
81.6%
49Larry Walker
81.1%
40Carlos González
81%
47Chris Davis
80.7%
46Jose Canseco
80.5%
44Jose Canseco
80.5%
42Jose Canseco
80.5%
49Harmon Killebrew
79.1%
49Harmon Killebrew
79.1%
48Harmon Killebrew
79.1%
46Harmon Killebrew
79.1%
45Harmon Killebrew
79.1%
44Harmon Killebrew
79.1%
42Harmon Killebrew
79.1%
41Harmon Killebrew
79.1%
43Khris Davis
78.8%
42Khris Davis
77.9%
47Ernie Banks
77.7%
45Ernie Banks
77.7%
44Ernie Banks
77.7%
43Ernie Banks
77.7%
41Ernie Banks
77.7%
41Ryan Braun
77.6%
46Adam Dunn
77.5%
40Adam Dunn
77.5%
40Adam Dunn
77.5%
40Adam Dunn
77.5%
40Adam Dunn
77.5%
47Reggie Jackson
77.2%
41Reggie Jackson
77.2%
40José Bautista
77.1%
49Albert Belle
76.8%
48Albert Belle
76.8%
49Shawn Green
76.3%
42Shawn Green
76.3%
42Shawn Green
76.3%
44Vladimir Guerrero
76.1%
42Vladimir Guerrero
76.1%
43Jose Bautista
75.2%
41Adam Dunn
75.1%
47George Bell
74.8%
45Johnny Bench
73.7%
40Johnny Bench
73.7%
45Willie McCovey
73.6%
44Willie McCovey
73.6%
45Lance Berkman
73.2%
42Lance Berkman
73.2%
46Joe DiMaggio
72.6%
48Willie Stargell
72.4%
44Willie Stargell
72.4%
44Carl Yastrzemski
72.4%
40Carl Yastrzemski
72.4%
40Carl Yastrzemski
72.4%
47Rafael Palmeiro
72.1%
47Rafael Palmeiro
72.1%
43Rafael Palmeiro
72.1%
43Rafael Palmeiro
72%
41Paul Konerko
71.9%
40Paul Konerko
71.9%
44Tino Martinez
71.9%
43Jason Giambi
71.9%
41Jason Giambi
71.9%
41Jason Giambi
71.9%
45J.D. Martinez
71.5%
48Jimmie Foxx
71.3%
42Bryce Harper
71.3%
44Jimmie Foxx
71.3%
41Jimmie Foxx
71.3%
49Andre Dawson
70.7%
44Carlos Delgado
70.5%
42Carlos Delgado
70.5%
41Carlos Delgado
70.5%
40Mike Piazza
69%
40Mike Piazza
69%
48Adrian Beltre
68.6%
41Mike Trout
68.3%
43Josh Hamilton
68%
44Jay Buhner
67.4%
40Jay Buhner
67.4%
40Jay Buhner
67.4%
44Nelson Cruz
67.4%
46Jim Rice
67.2%
46Derrek Lee
67%
44Mo Vaughn
66.4%
40Mo Vaughn
66.4%
45Greg Vaughn
66.3%
41Greg Vaughn
66.3%
44Andres Galarraga
65.6%
41Andres Galarraga
65.6%
47Andres Galarraga
65.6%
46Alfonso Soriano
65.5%
Team/Year Player % Correct
42Edwin Encarnacion
64.8%
43Nelson Cruz
64.5%
43Gary Sheffield
64.3%
42Gary Sheffield
64.3%
41Chris Carter
63.7%
41Carlos Beltran
63.2%
40Dante Bichette
62.9%
47Troy Glaus
61.7%
41Troy Glaus
61.7%
46Carlos Pena
61.7%
42Mel Ott
60.9%
43Mark Teixeira
60.7%
42Nolan Arenado
60.4%
44Dale Murphy
60.3%
43Davey Johnson
59.7%
42Jim Edmonds
59.7%
42Jim Edmonds
59.7%
40Ryne Sandberg
58.8%
44Hank Greenberg
58.4%
41Hank Greenberg
58.4%
40Hank Greenberg
58.4%
41Josh Donaldson
57.9%
41Nolan Arenado
56.6%
46Vinny Castilla
56.6%
40Vinny Castilla
56.6%
40Vinny Castilla
56.6%
47Eddie Mathews
56.3%
46Eddie Mathews
56.3%
41Eddie Mathews
56.3%
40Eddie Mathews
56.3%
47Mark Trumbo
56.2%
41Curtis Granderson
56%
47Ralph Kiner
55.9%
42Ralph Kiner
55.9%
40Ralph Kiner
55.9%
43Curtis Granderson
55.9%
40Nelson Cruz
55.8%
45Richie Sexson
55.2%
45Richie Sexson
55.2%
43Duke Snider
55.2%
42Duke Snider
55.2%
42Duke Snider
55.2%
40Duke Snider
55.2%
40Duke Snider
55.2%
40George Foster
53.9%
44Jermaine Dye
53%
40Ken Caminiti
52.5%
47Kevin Mitchell
52.2%
41Darrell Evans
51.9%
40Darrell Evans
51.9%
42Edwin Encarnacion
51.8%
48Dave Kingman
50.6%
41David Justice
50%
40David Justice
50%
43Javy Lopez
47.9%
44Mark Reynolds
47.9%
42Travis Hafner
46.9%
40Tony Perez
46.3%
42Brian Dozier
45.8%
42Rogers Hornsby
43.9%
49Ted Kluszewski
42.5%
47Ted Kluszewski
42.5%
40Ted Kluszewski
42.5%
46Orlando Cepeda
41.9%
40Ellis Burks
39.3%
44Richard Hidalgo
39.1%
43Johnny Mize
37.8%
40Johnny Mize
37.8%
41Roy Campanella
37.3%
40Todd Frazier
37%
40Jesse Barfield
36.7%
41Norm Cash
36.3%
45Rocky Colavito
35.2%
42Rocky Colavito
35.2%
41Rocky Colavito
35.2%
42Gil Hodges
35.2%
40Gil Hodges
35.2%
43Tony Armas
34.7%
41Joey Gallo
32.3%
40Dick Allen
31.3%
43Chuck Klein
31%
40Chuck Klein
31%
41Todd Hundley
30.8%
41Tony Batista
29.7%
41Phil Nevin
29.6%
43Al Rosen
25.9%
41Ben Oglivie
24.3%
46Jim Gentile
23.8%
40Rico Petrocelli
20.5%
41Jeff Burroughs
20.4%
42Hal Trosky
15.2%
42Roy Sievers
14.6%
41Hank Sauer
13.7%
42Dick Stuart
11.7%
42Gus Zernial
11.6%
40Wally Post
11.6%

You're not logged in!

Compare scores with friends on all Sporcle quizzes.
Join for Free
OR
Log In

You Might Also Like...

Show Comments

Extras

Top Quizzes Today


Score Distribution

Your Account Isn't Verified!

In order to create a playlist on Sporcle, you need to verify the email address you used during registration. Go to your Sporcle Settings to finish the process.

Report this User

Report this user for behavior that violates our Community Guidelines.

Details: